[Event "Botvinnik 100th Open"]
[Site "St Petersburg RUS"]
[Date "2011.08.15"]
[Round "4"]
[White "Lupik, Marina"]
[Black "Zheleznaykov, Peter"]
[Result "1-0"]
[WhiteTitle "WIM"]
[WhiteElo "2212"]
[BlackElo "1962"]
[WhiteFideId "4177495"]
[BlackFideId "24104620"]
[EventDate "2011.08.12"]

1. e4 e6 2. d4 d5 3. Nc3 Nf6 4. e5 Nfd7 5. f4 c5 6. Nf3 Nc6 7. Be3 a6 8. Qd2
cxd4 9. Nxd4 Bc5 10. O-O-O Nxd4 11. Bxd4 Bxd4 12. Qxd4 Qb6 13. Qd2 Nc5 14. f5
Bd7 15. Qg5 g6 16. Qf6 O-O 17. Nxd5 1-0

[Event "Botvinnik 100th Open"]
[Site "St Petersburg RUS"]
[Date "2011.08.15"]
[Round "4"]
[White "Boychuk, Evgeny"]
[Black "Lagashin, Pavel"]
[Result "1-0"]
[WhiteElo "1889"]
[BlackElo "2178"]
[WhiteFideId "24155624"]
[BlackFideId "24132144"]
[EventDate "2011.08.12"]

1. e4 d5 2. exd5 Nf6 3. d4 Bg4 4. Nf3 Qxd5 5. Be2 Nc6 6. c3 O-O-O 7. h3 Bh5 8.
O-O e5 9. dxe5 Qxd1 10. Rxd1 Rxd1+ 11. Bxd1 Bxf3 12. Bxf3 Nxe5 13. Nd2 Nxf3+ 14.
Nxf3 Bc5 15. b4 Bd6 16. Nd4 c5 17. Nb5 Be5 18. bxc5 a6 19. Nd4 Ne4 20. Ne2 Nxc5
21. Be3 Na4 22. Bd4 Re8 23. Kf1 Nb2 24. Re1 Nc4 25. Nf4 Kd7 26. Bxe5 Rxe5 27.
Rxe5 Nxe5 28. Nh5 g6 29. Nf6+ Ke6 30. Ne4 Kd5 31. Nd2 Nd3 32. Ke2 Nc1+ 33. Kd1
Nd3 34. Ke2 Nf4+ 35. Kf3 Ne6 36. Ke3 b5 37. g3 Nc5 38. h4 h5 39. f3 f5 40. Ke2
f4 41. gxf4 Ne6 42. Ke3 Ng7 43. Kd3 Nf5 44. c4+ Kc5 45. cxb5 Kxb5 46. Ke4 Kb4
47. Ke5 Kc3 48. Ne4+ Kb2 49. Kf6 Nxh4 50. Kg5 Nxf3+ 51. Kxg6 h4 52. f5 h3 53. f6
h2 54. Nf2 Ne5+ 55. Kf5 Nf7 56. a4 Kb3 57. a5 Kb4 58. Ke6 Nh6 59. Kd5 Ng4 60. f7
Nxf2 61. f8=Q+ Kxa5 62. Qa3+ Kb5 63. Qc5+ Ka4 64. Kc4 Nd3 65. Qc6+ 1-0

[Event "Botvinnik 100th Open"]
[Site "St Petersburg RUS"]
[Date "2011.08.15"]
[Round "4"]
[White "Novikov, Mikhael Ivanovich"]
[Black "Bivol, Alina"]
[Result "1/2-1/2"]
[BlackTitle "WFM"]
[WhiteElo "1926"]
[BlackElo "2171"]
[WhiteFideId "24128708"]
[BlackFideId "4100123"]
[EventDate "2011.08.12"]

1. e4 e6 2. d4 d5 3. Nc3 Bb4 4. e5 c5 5. a3 Ba5 6. b4 cxd4 7. Nb5 Bc7 8. Qxd4
Nc6 9. Nxc7+ Qxc7 10. Bb5 Ne7 11. f4 O-O 12. Qd2 f6 13. exf6 Rxf6 14. Ne2 e5 15.
Bb2 Be6 16. Bxc6 Nxc6 17. O-O Raf8 18. fxe5 Nxe5 19. Rxf6 Rxf6 20. Bxe5 Qxe5 21.
Re1 Qd6 22. Qd4 a5 23. c3 Bf7 24. Rf1 Rxf1+ 25. Kxf1 axb4 26. Qxb4 Qxh2 27. Qxb7
h6 28. Qc8+ Kh7 29. Qf5+ Kg8 30. Qc8+ Kh7 31. Qf5+ Kg8 32. Qc8+ Kh7 33. Qf5+ Bg6
34. Qxd5 Qb8 35. Qd4 Qf8+ 36. Kg1 Qxa3 37. Nf4 Qc1+ 38. Kh2 Qe1 39. Nxg6 Kxg6
40. Qd3+ Kf6 41. Qf3+ Ke6 42. Qc6+ Kf7 43. Qd7+ Kg6 44. Qg4+ Kf6 45. Qf3+ Ke6
46. Qc6+ Kf7 47. Qd7+ 1/2-1/2

[Event "Botvinnik 100th Open"]
[Site "St Petersburg RUS"]
[Date "2011.08.15"]
[Round "4"]
[White "Senkevich, Konstantin"]
[Black "Babaev, David"]
[Result "1-0"]
[WhiteElo "2020"]
[BlackElo "1846"]
[WhiteFideId "4192389"]
[BlackFideId "4161408"]
[EventDate "2011.08.12"]

1. e4 e6 2. d4 d5 3. Bd3 dxe4 4. Bxe4 Nf6 5. Bf3 c5 6. Ne2 Nc6 7. Be3 Qb6 8. b3
cxd4 9. Nxd4 Bc5 10. Nxc6 bxc6 11. Bxc5 Qxc5 12. O-O O-O 13. c4 e5 14. Nc3 Bf5
15. Na4 Qe7 16. Bxc6 Rad8 17. Qf3 Bg4 18. Qg3 Be2 19. Rfe1 Rd3 20. f3 Nh5 21.
Qf2 Nf4 22. Rxe2 Qg5 23. Kh1 Nxe2 24. Qxe2 Rd2 25. Qf1 Rfd8 26. Bd5 h5 27. Nc3
Qe3 28. Ne4 Re2 29. Qg1 Qf4 30. Ng3 Rb2 31. Nxh5 Qg5 32. Ng3 Qh4 33. Qxa7 Qf4
34. Ne4 1-0

[Event "Botvinnik 100th Open"]
[Site "St Petersburg RUS"]
[Date "2011.08.15"]
[Round "4"]
[White "Tarasov, Ilya"]
[Black "Tantsov, Peter"]
[Result "1/2-1/2"]
[WhiteElo "2006"]
[BlackElo "1777"]
[WhiteFideId "24157945"]
[BlackFideId "24149489"]
[EventDate "2011.08.12"]

1. d4 Nf6 2. c4 e6 3. Nf3 d5 4. Nc3 c6 5. cxd5 exd5 6. Qc2 Be7 7. Bg5 Bg4 8. Ne5
Nbd7 9. Bxf6 Nxf6 10. e3 O-O 11. Bd3 Bh5 12. f4 Nd7 13. Nxd7 Qxd7 14. Bf5 Qd6
15. O-O Bg6 16. Rf3 Bxf5 17. Qxf5 g6 18. Qe5 Qf6 19. Qxf6 Bxf6 20. Na4 Be7 21.
Rc1 Rfe8 22. a3 a5 23. Rff1 Bd6 24. Kf2 Re7 25. g3 Rb8 26. Rc2 Kg7 27. Kf3 Rbe8
28. Re1 Rb8 29. Ree2 b5 30. Nc5 a4 31. Na6 Rb6 32. Nb4 Bxb4 33. axb4 Kf6 34. Rc5
Re4 35. Rec2 Re6 36. Re2 Ke7 37. e4 Rxe4 38. Rxe4+ dxe4+ 39. Kxe4 Kd6 40. d5
cxd5+ 41. Rxd5+ Kc6 42. f5 Rb8 43. Rc5+ Kb6 44. fxg6 fxg6 45. Rc2 Re8+ 46. Kf4
Rd8 47. Ke5 Re8+ 48. Kf4 Rd8 49. Ke3 Re8+ 50. Kf4 1/2-1/2

[Event "Botvinnik 100th Open"]
[Site "St Petersburg RUS"]
[Date "2011.08.15"]
[Round "4"]
[White "Safronov, Kirill"]
[Black "Rykov, Ivan2"]
[Result "1-0"]
[WhiteElo "1942"]
[BlackElo "1759"]
[WhiteFideId "24141976"]
[BlackFideId "24128520"]
[EventDate "2011.08.12"]

1. Nf3 Nf6 2. g3 d5 3. Bg2 c5 4. d3 Nc6 5. O-O g6 6. Nbd2 Bg7 7. Re1 O-O 8. e4
d4 9. a4 e5 10. Nc4 Ne8 11. Bg5 f6 12. Bd2 Nd6 13. Nxd6 Qxd6 14. Qc1 Be6 15. b3
a6 16. Nh4 g5 17. Nf5 Bxf5 18. exf5 Qd7 19. g4 Ne7 20. c4 Nc6 21. a5 Kh8 22. Qa3
Rfc8 23. Qxc5 Bf8 24. Qd5 Qxd5 25. Bxd5 Rc7 26. Ra4 Rb8 27. b4 b5 28. axb6 Rxb6
29. Rb1 Ne7 30. Be4 Nc6 31. b5 axb5 32. cxb5 Na7 33. Ba5 Rxb5 34. Rxb5 Rc1+ 35.
Kg2 Nxb5 36. Bd8 Bg7 37. Ra8 Nd6 38. Bxf6+ Rc8 39. Rxc8+ Nxc8 40. Bxg5 h6 41.
Bd8 Na7 42. h4 Nb5 43. g5 hxg5 44. hxg5 Nd6 45. Kf3 Nxe4 46. Kxe4 Kg8 47. f6 Bf8
48. Kxe5 Kf7 49. Kxd4 1-0

[Event "Botvinnik 100th Open"]
[Site "St Petersburg RUS"]
[Date "2011.08.15"]
[Round "4"]
[White "Sieghardt, Walter"]
[Black "Fokin, Anatoly"]
[Result "0-1"]
[WhiteElo "1681"]
[BlackElo "1855"]
[WhiteFideId "24633836"]
[BlackFideId "24124451"]
[EventDate "2011.08.12"]

1. d4 d5 2. e3 Nf6 3. c4 e6 4. Nf3 Bd6 5. Nc3 c6 6. cxd5 exd5 7. h3 Nbd7 8. Bd3
O-O 9. O-O Re8 10. a3 Ne4 11. Qc2 f5 12. b4 a6 13. Na4 Qf6 14. Bxe4 fxe4 15. Nh2
b5 16. Nc5 Nb6 17. a4 Nc4 18. axb5 cxb5 19. Bb2 Bc7 20. Rfe1 Bf5 21. Bc3 Qd6 22.
Nf1 Rf8 23. Qe2 Qg6 24. Kh1 Rf6 25. g4 Bc8 26. Ng3 Rf3 27. Rg1 Qh6 28. Kg2 Nxe3+
29. fxe3 Rxg3+ 30. Kf2 Rf3+ 31. Ke1 Rxe3 32. Bd2 Rxe2+ 33. Kxe2 Qxh3 34. Be3
Bxg4+ 35. Kd2 Qh2+ 36. Kc1 Bf4 37. Rxg4 Bxe3+ 0-1

[Event "Botvinnik 100th Open"]
[Site "St Petersburg RUS"]
[Date "2011.08.15"]
[Round "4"]
[White "Timirev, Sergey"]
[Black "Uyanik, Mehmet"]
[Result "1-0"]
[WhiteElo "1823"]
[BlackElo "1719"]
[WhiteFideId "24181676"]
[BlackFideId "6363164"]
[EventDate "2011.08.12"]

1. d4 d5 2. c4 e6 3. Nc3 Nf6 4. cxd5 exd5 5. Bg5 Nbd7 6. Qc2 Be7 7. e3 b6 8. Nf3
Bb7 9. Bd3 O-O 10. Bxf6 Nxf6 11. O-O Re8 12. Ne5 c6 13. f4 a6 14. Rf3 c5 15. Rh3
h6 16. g4 Bc8 17. Bf5 cxd4 18. exd4 Ne4 19. Bxe4 dxe4 20. Qxe4 Be6 21. f5 Bd7
22. Qd5 Be6 23. fxe6 Qxd5 24. Nxd5 fxe6 25. Nc7 1-0

[Event "Botvinnik 100th Open"]
[Site "St Petersburg RUS"]
[Date "2011.08.15"]
[Round "4"]
[White "Antipova, Anastasia"]
[Black "Bezobrazov, Lev"]
[Result "1-0"]
[WhiteElo "1794"]
[BlackElo "1689"]
[WhiteFideId "24178705"]
[BlackFideId "4152409"]
[EventDate "2011.08.12"]

1. e4 e5 2. Nf3 Nc6 3. Bb5 a6 4. Ba4 d6 5. O-O b5 6. Bb3 f5 7. d4 Nxd4 8. Nxd4
exd4 9. Qxd4 Nf6 10. exf5 Bxf5 11. Bd5 Nxd5 12. Qxd5 g6 13. g4 Bg7 14. gxf5 gxf5
15. Re1+ Kf8 16. Qxf5+ Bf6 17. Bh6+ Kg8 18. Qe6# 1-0

[Event "Botvinnik 100th Open"]
[Site "St Petersburg RUS"]
[Date "2011.08.16"]
[Round "5"]
[White "Pridorozhni, Aleksei"]
[Black "Ponkratov, Pavel"]
[Result "0-1"]
[WhiteTitle "GM"]
[BlackTitle "GM"]
[WhiteElo "2550"]
[BlackElo "2593"]
[WhiteFideId "4127870"]
[BlackFideId "4157800"]
[EventDate "2011.08.12"]

1. Nf3 Nf6 2. d4 e6 3. c4 b6 4. g3 Bb7 5. Bg2 Be7 6. O-O O-O 7. Nc3 Ne4 8. Bd2
Bf6 9. Qc2 Nxd2 10. Qxd2 d6 11. Rfd1 Nd7 12. Ne1 Qc8 13. f4 Bxg2 14. Nxg2 c5 15.
Ne4 d5 16. Nxf6+ Nxf6 17. cxd5 exd5 18. dxc5 bxc5 19. Rac1 Re8 20. Ne3 d4 21.
Nf1 Qe6 22. a3 Rac8 23. Rc2 h5 24. Qd3 h4 25. b4 cxb4 26. Rxc8 Rxc8 27. axb4 Nd5
28. e4 Nc3 29. Rd2 Qc4 30. gxh4 Qxb4 31. Ng3 a5 32. Nf5 g6 33. Nh6+ Kg7 34. Ng4
Nxe4 35. Qxd4+ Qxd4+ 36. Rxd4 Nc3 37. Rd7 a4 38. Ra7 Rc4 39. Rxf7+ Kxf7 40. Ne5+
Ke6 41. Nxc4 Kd5 42. Na3 Ke4 43. Kf2 Kxf4 44. Nc2 Ke4 45. Kg3 Nd5 46. Na3 Nf6
47. h3 Ke3 48. Nb5 Kd3 49. Kf4 Kc4 50. Na3+ Kb3 51. Nb1 Nd5+ 52. Kg5 Kb2 53. Nd2
Nb6 54. Kxg6 a3 55. h5 a2 56. h6 a1=Q 57. h7 Kc2 58. Ne4 Nd7 0-1

[Event "Botvinnik 100th Open"]
[Site "St Petersburg RUS"]
[Date "2011.08.16"]
[Round "5"]
[White "Aleksandrov, Aleksej"]
[Black "Dvoirys, Semen I."]
[Result "1-0"]
[WhiteTitle "GM"]
[BlackTitle "GM"]
[WhiteElo "2609"]
[BlackElo "2554"]
[WhiteFideId "13500139"]
[BlackFideId "4100379"]
[EventDate "2011.08.12"]

1. d4 Nf6 2. c4 e6 3. Nc3 Bb4 4. e3 c5 5. Ne2 cxd4 6. exd4 O-O 7. a3 Be7 8. Nf4
d5 9. cxd5 Nxd5 10. Ncxd5 exd5 11. Bd3 Nc6 12. Be3 Bf6 13. O-O g6 14. Rc1 Qd6
15. Rc5 Ne7 16. Qf3 Bg7 17. Nxd5 Nc6 18. Bf4 Qd8 19. Nc7 Nxd4 20. Qg3 Rb8 21.
Rd5 Bd7 22. Na6 Rc8 23. Nc5 Qa5 24. b4 Qxa3 25. Rxd7 Qxb4 26. Ne4 Rfd8 27. Rxd8+
Rxd8 28. Bg5 Nf5 29. Qf3 Nd4 30. Qh3 Re8 31. Nf6+ Bxf6 32. Bxf6 Re6 33. Bxd4
Qxd4 34. Qf3 a5 35. Bc2 Re7 36. g3 Kg7 37. Qa3 Re2 38. Ba4 Rb2 39. Be8 Re2 40.
Bxf7 Qd8 1-0

[Event "Botvinnik 100th Open"]
[Site "St Petersburg RUS"]
[Date "2011.08.16"]
[Round "5"]
[White "Yemelin, Vasily"]
[Black "Epishin, Vladimir"]
[Result "1-0"]
[WhiteTitle "GM"]
[BlackTitle "GM"]
[WhiteElo "2592"]
[BlackElo "2553"]
[WhiteFideId "4113217"]
[BlackFideId "4162714"]
[EventDate "2011.08.12"]

1. e4 c6 2. d4 d5 3. e5 Bf5 4. Nf3 e6 5. Be2 a6 6. O-O Ne7 7. c3 Nc8 8. Be3 Nd7
9. Nbd2 Be7 10. Ne1 O-O 11. g4 Bg6 12. Ng2 b5 13. Nf4 Ncb6 14. Nxg6 fxg6 15. f4
c5 16. Kh1 Qc7 17. Bd3 Nc4 18. Nxc4 dxc4 19. Be4 cxd4 20. cxd4 Rad8 21. Qe2 Nb6
22. f5 gxf5 23. gxf5 exf5 24. Rxf5 Rxf5 25. Bxf5 Qc6+ 26. Qg2 Nd5 27. Qe4 c3 28.
Bxh7+ Kh8 29. Rc1 Rf8 30. bxc3 Qe6 31. Bg1 Qh6 32. Qxd5 Qxc1 33. Bd3 Qh6 34. Qe4
Rf4 35. Qa8+ Rf8 36. Qe4 Rf4 37. Qg6 Rf3 38. d5 Qh3 39. Be4 Rf1 40. d6 Bf8 41.
Qg5 Rd1 42. Qf4 Rf1 43. Qg5 Rd1 44. Bg2 Qd3 45. Qh4+ Kg8 46. Be4 Rxg1+ 47. Kxg1
Qd1+ 48. Kf2 Qd2+ 49. Kf1 Qd1+ 50. Kf2 Qd2+ 51. Kf3 Qxc3+ 52. Kf4 Qc1+ 53. Kf5
Qc8+ 54. Kf4 Qc1+ 55. Kf5 Qc8+ 56. Kg5 Qd8+ 57. Kg4 Qc8+ 58. Bf5 Qc4+ 59. Kg5
Qxh4+ 60. Kxh4 Kf7 61. Kg5 a5 62. e6+ Ke8 63. e7 1-0

[Event "Botvinnik 100th Open"]
[Site "St Petersburg RUS"]
[Date "2011.08.16"]
[Round "5"]
[White "Kovchan, Alexander"]
[Black "Levin, Evgeny A."]
[Result "1/2-1/2"]
[WhiteTitle "GM"]
[BlackTitle "GM"]
[WhiteElo "2554"]
[BlackElo "2465"]
[WhiteFideId "14103052"]
[BlackFideId "4182596"]
[EventDate "2011.08.12"]

1. e4 e6 2. d4 d5 3. Nc3 Bb4 4. e5 Ne7 5. a3 Bxc3+ 6. bxc3 c5 7. Qg4 O-O 8. Bd3
Nbc6 9. Qh5 Ng6 10. Nf3 Nce7 11. dxc5 b6 12. c6 Qc7 13. O-O Qxc6 14. Rb1 a5 15.
Bg5 Ba6 16. Bxe7 Bxd3 17. cxd3 Nxe7 18. Rfc1 Qa4 19. Ra1 Rac8 20. Qg5 Nf5 21. h3
Rc5 22. g4 h6 23. Qd2 Ne7 24. Kg2 Rfc8 25. d4 Rc4 26. Ng1 Qc6 27. Ne2 b5 28.
Rcb1 Rb8 29. Rb3 Qa6 30. Rab1 Nc6 31. Qb2 b4 32. cxb4 axb4 33. Qd2 Qa4 34. axb4
Rbxb4 35. Rxb4 Nxb4 36. Rc1 Qa3 37. Rc3 Rxc3 38. Qxc3 Qxc3 39. Nxc3 Nc6 40. Ne2
Kf8 1/2-1/2

[Event "Botvinnik 100th Open"]
[Site "St Petersburg RUS"]
[Date "2011.08.16"]
[Round "5"]
[White "Aitbayev, Aslan"]
[Black "Neverov, Valeriy"]
[Result "1-0"]
[BlackTitle "GM"]
[WhiteElo "2346"]
[BlackElo "2500"]
[WhiteFideId "13704613"]
[BlackFideId "14100150"]
[EventDate "2011.08.12"]

1. e4 c5 2. Nf3 e6 3. d4 cxd4 4. Nxd4 a6 5. Bd3 Bc5 6. Nb3 Ba7 7. Qe2 d6 8. Be3
e5 9. Nc3 Ne7 10. O-O-O O-O 11. Bxa7 Rxa7 12. Qe3 Nbc6 13. Be2 Be6 14. Nc5 Bxa2
15. Nxa2 Qa5 16. Rxd6 Qxa2 17. Qa3 Qxa3 18. bxa3 Nd4 19. Bg4 h5 20. Nd7 Nc8 21.
Rd5 Ne7 22. Rxe5 hxg4 23. Rxe7 Rc8 24. Rd1 Ne2+ 25. Kb2 a5 26. Nb6 Rc6 27. Nd5
Rh6 28. Rd2 Ng1 29. Ne3 Rxh2 30. Rd8+ Kh7 31. Rxf7 Ra6 32. Rxb7 g3 33. fxg3 Rhh6
34. Nf5 Rab6+ 35. Rxb6 Rxb6+ 36. Kc3 g6 37. Rd7+ Kh8 38. Rd6 1-0

[Event "Botvinnik 100th Open"]
[Site "St Petersburg RUS"]
[Date "2011.08.16"]
[Round "5"]
[White "Yaksin, Oleg"]
[Black "Khismatullin, Denis"]
[Result "0-1"]
[BlackTitle "GM"]
[WhiteElo "2414"]
[BlackElo "2656"]
[WhiteFideId "24105880"]
[BlackFideId "4142578"]
[EventDate "2011.08.12"]

1. d4 Nf6 2. c4 e6 3. g3 d5 4. Nf3 dxc4 5. Bg2 a6 6. Ne5 Bb4+ 7. Nc3 Nd5 8. Bd2
b5 9. e4 Nf6 10. d5 O-O 11. O-O exd5 12. exd5 Bd6 13. Bf4 Re8 14. Re1 h6 15. h4
b4 16. Na4 Bd7 17. Nc6 Nxc6 18. dxc6 Be6 19. Be3 Qb8 20. Bd4 Qb5 21. Nb6 Rad8
22. Bxf6 gxf6 23. Nd7 Kg7 24. Qf3 Qf5 25. Rac1 a5 26. Red1 Qxf3 27. Bxf3 Be5 28.
Rc2 b3 29. axb3 cxb3 30. Rcd2 a4 31. Ra1 Ra8 32. Nxe5 fxe5 33. Re2 Red8 34. Ra3
Kf6 35. Kg2 Rd4 36. Re4 Bf5 37. Rxd4 exd4 38. Bd5 Bc2 39. Kf1 d3 0-1

[Event "Botvinnik 100th Open"]
[Site "St Petersburg RUS"]
[Date "2011.08.16"]
[Round "5"]
[White "Yakovich, Yuri"]
[Black "Solovjov, Sergey I."]
[Result "1/2-1/2"]
[WhiteTitle "GM"]
[BlackTitle "IM"]
[WhiteElo "2539"]
[BlackElo "2387"]
[WhiteFideId "4100654"]
[BlackFideId "4122780"]
[EventDate "2011.08.12"]

1. d4 d5 2. c4 e6 3. Nf3 c6 4. e3 Nf6 5. Bd3 Nbd7 6. O-O dxc4 7. Bxc4 b5 8. Bd3
Bb7 9. e4 Be7 10. Nc3 b4 11. Na4 c5 12. e5 Nd5 13. Nxc5 Nxc5 14. dxc5 Bxc5 15.
Qe2 h6 16. Bd2 Qb6 17. Rac1 Ke7 18. Qe4 Rhd8 19. Qh4+ Kf8 20. Be4 Rac8 21. h3 a5
22. Rc2 Be7 23. Qh5 Nf4 24. Bxf4 Bxe4 25. Rxc8 Rxc8 26. Nd2 Bd3 27. Re1 Qd4 28.
Qf3 a4 29. b3 a3 30. Rd1 g5 31. Nc4 Rd8 32. Be3 Qc3 33. Nd6 Bg6 34. Bd4 Qc2 35.
Bb6 Rb8 36. Ba7 Rd8 37. Bb6 Rb8 38. Ba7 Rd8 39. Bb6 Rb8 1/2-1/2

[Event "Botvinnik 100th Open"]
[Site "St Petersburg RUS"]
[Date "2011.08.16"]
[Round "5"]
[White "Derbenev, Andrey"]
[Black "Efanov, Nikolai"]
[Result "1-0"]
[BlackTitle "IM"]
[WhiteElo "2331"]
[BlackElo "2423"]
[WhiteFideId "4154169"]
[BlackFideId "4187997"]
[EventDate "2011.08.12"]

1. d4 d5 2. c4 c6 3. Nf3 Nf6 4. e3 e6 5. Nbd2 c5 6. b3 Nc6 7. Bb2 cxd4 8. exd4
Be7 9. Bd3 O-O 10. O-O b6 11. Ne5 Bb7 12. Ndf3 Nd7 13. Ng4 Nf6 14. Ne3 Re8 15.
Rc1 Rc8 16. Re1 Bf8 17. a3 g6 18. cxd5 Nxd5 19. Nxd5 Qxd5 20. Be4 Qd7 21. Rxc6
Rxc6 22. Ne5 Qc7 23. Nxc6 Bxc6 24. d5 Bb7 25. d6 Qd7 26. Bxb7 Qxb7 27. d7 Rd8
28. Qd4 f6 29. Qxf6 Qxd7 30. Qh8+ Kf7 31. Qxh7+ Ke8 32. Qxg6+ Qf7 33. Qxe6+ Qxe6
34. Rxe6+ Kf7 35. Re1 a5 36. h4 Rd2 37. Bc3 Rd3 38. Re3 Rd1+ 39. Kh2 Bxa3 40. h5
Bd6+ 41. Be5 Bc5 42. Rf3+ Ke6 43. Bg7 1-0

[Event "Botvinnik 100th Open"]
[Site "St Petersburg RUS"]
[Date "2011.08.16"]
[Round "5"]
[White "Kabanov, Nikolai"]
[Black "Polyaninov, Aleksey"]
[Result "0-1"]
[WhiteTitle "GM"]
[WhiteElo "2520"]
[BlackElo "2365"]
[WhiteFideId "4127820"]
[BlackFideId "4118499"]
[EventDate "2011.08.12"]

1. e4 c5 2. Nf3 e6 3. Nc3 Nc6 4. Bb5 Nge7 5. O-O Ng6 6. Re1 Qc7 7. Bf1 a6 8. h4
Be7 9. g3 Nge5 10. Nxe5 Qxe5 11. d3 Qc7 12. Bg2 O-O 13. h5 h6 14. Bf4 Bd6 15.
Bxd6 Qxd6 16. f4 f6 17. Qe2 Rb8 18. Nd1 b5 19. Ne3 Bb7 20. c3 Ne7 21. Rad1 Qc7
22. d4 d6 23. Bh3 Bxe4 24. Bxe6+ Kh8 25. d5 f5 26. Ng2 Rf6 27. Nh4 Rxe6 28. dxe6
d5 29. Qf2 Rb6 30. b4 Rxe6 31. a4 Kh7 32. axb5 axb5 33. Ra1 d4 34. cxd4 cxb4 35.
d5 Nxd5 36. Ng6 Rxg6 37. hxg6+ Kxg6 38. Rec1 Nc3 39. Kh2 Kh7 40. Rg1 Qf7 41. g4
b3 42. Ra7 Qg6 43. Qd2 b4 44. Rd7 fxg4 45. Kg3 Bf5 46. Re7 Qf6 47. Ree1 b2 48.
Re3 0-1

[Event "Botvinnik 100th Open"]
[Site "St Petersburg RUS"]
[Date "2011.08.16"]
[Round "5"]
[White "Yevseev, Denis"]
[Black "Mokshanov, Alexey"]
[Result "1-0"]
[WhiteTitle "GM"]
[BlackTitle "FM"]
[WhiteElo "2527"]
[BlackElo "2372"]
[WhiteFideId "4126378"]
[BlackFideId "24121657"]
[EventDate "2011.08.12"]

1. d4 d5 2. c4 e6 3. Nf3 Nf6 4. g3 Bb4+ 5. Bd2 Be7 6. Bg2 O-O 7. O-O Nbd7 8. Qc2
c6 9. Rd1 b6 10. Bf4 Ba6 11. Ne5 Rc8 12. Nc3 Bxc4 13. Nxc4 dxc4 14. e4 Bb4 15.
a4 a5 16. Na2 b5 17. Nxb4 axb4 18. b3 Qe7 19. bxc4 e5 20. dxe5 Nxe5 21. c5 b3
22. Qxb3 Qxc5 23. Rac1 Qe7 24. axb5 cxb5 25. Rxc8 Rxc8 26. Qxb5 Ng6 27. Bd6 Qa7
28. e5 Nd7 29. Qb7 Qxb7 30. Bxb7 Rc3 31. f4 h5 32. Be4 Nc5 33. Bd5 Nd3 34. e6
fxe6 35. Bxe6+ Kh7 36. Bf5 Rc1 37. Rxc1 Nxc1 38. Kf2 Nb3 39. Ke3 Na5 40. Bc7
Nc4+ 41. Kd3 Nb2+ 42. Ke2 Na4 43. Bd6 Nc3+ 44. Kd3 Nd5 45. Kd4 Nf6 46. Be7 Ng4
47. h3 Nh6 48. Bb1 Nf7 49. h4 Nh8 50. Kd5 Kg8 51. Ke6 Nxe7 52. Kxe7 g6 53. Kf6
Kh7 54. Ba2 1-0

[Event "Botvinnik 100th Open"]
[Site "St Petersburg RUS"]
[Date "2011.08.16"]
[Round "5"]
[White "Rozum, Ivan"]
[Black "Kashtanov, Ruslan"]
[Result "1/2-1/2"]
[WhiteTitle "IM"]
[BlackTitle "IM"]
[WhiteElo "2464"]
[BlackElo "2360"]
[WhiteFideId "24104272"]
[BlackFideId "4124871"]
[EventDate "2011.08.12"]

1. Nf3 d6 2. d4 g6 3. e4 Bg7 4. Nc3 a6 5. a4 Bg4 6. Be2 Nc6 7. d5 Bxf3 8. Bxf3
Nd4 9. Bg4 c5 10. O-O Nf6 11. Bh3 O-O 12. Re1 b5 13. Nb1 bxa4 14. Rxa4 Nd7 15.
c3 Nb5 16. Nd2 Nb6 17. Ra1 Qc7 18. Nf3 Qb7 19. Bg5 Rfe8 20. Qd3 Nd7 21. Bf4 Nf6
22. Rad1 Rad8 23. Bc1 Nd7 24. Qe2 Qc7 25. Bf4 Qb6 26. Bxd7 Rxd7 27. e5 dxe5 28.
Bxe5 Bxe5 29. Nxe5 Rb7 30. Nc4 Qf6 31. Qe3 Nd6 32. Ne5 h5 33. Re2 c4 34. Qc5 Rb5
35. Qc6 Qg5 36. Nf3 Qf5 37. h4 Qc8 38. Qxc8 Nxc8 39. Ne5 Nd6 40. Nc6 Kf8 41. g3
Rc5 42. Ne5 Rd8 43. Rd4 Rc7 44. Kf1 a5 45. Nc6 Ra8 46. Rd1 a4 47. Rde1 Nc8 48.
Re4 a3 49. bxa3 Rxa3 50. R1e3 Ra1+ 51. Kg2 Rd1 52. Rf4 1/2-1/2

[Event "Botvinnik 100th Open"]
[Site "St Petersburg RUS"]
[Date "2011.08.16"]
[Round "5"]
[White "Pankov, German"]
[Black "Savchenko, Boris"]
[Result "1/2-1/2"]
[WhiteTitle "FM"]
[BlackTitle "GM"]
[WhiteElo "2387"]
[BlackElo "2615"]
[WhiteFideId "4174569"]
[BlackFideId "4147332"]
[EventDate "2011.08.12"]

1. Nf3 g6 2. g3 Bg7 3. Bg2 e5 4. e4 c5 5. c4 h6 6. Nc3 Ne7 7. Rb1 O-O 8. d3 d6
9. h3 Nbc6 10. a3 a5 11. Bd2 Kh7 12. Nd5 Nxd5 13. cxd5 Na7 14. b4 axb4 15. axb4
b6 16. bxc5 bxc5 17. Ra1 Bd7 18. Ba5 Qe7 19. Nd2 Nb5 20. O-O f5 21. Nc4 f4 22.
g4 f3 23. Bxf3 Rxa5 24. Rxa5 Nc3 25. Qd2 Rxf3 26. Kg2 Qh4 27. Rh1 Rf4 28. f3
Rxf3 29. Kxf3 Bxg4+ 30. Kg2 Ne2 31. hxg4 Qg3+ 32. Kf1 Nf4 33. Ra2 Qf3+ 34. Kg1
Qxg4+ 35. Kf1 Qf3+ 36. Kg1 Qg3+ 37. Kf1 Qf3+ 38. Kg1 Qg3+ 39. Kf1 Qf3+ 40. Kg1
Qg3+ 1/2-1/2

[Event "Botvinnik 100th Open"]
[Site "St Petersburg RUS"]
[Date "2011.08.16"]
[Round "5"]
[White "Vunder, Andrey"]
[Black "Ovod, Evgenija"]
[Result "1/2-1/2"]
[BlackTitle "IM"]
[WhiteElo "2308"]
[BlackElo "2420"]
[WhiteFideId "4128338"]
[BlackFideId "4131827"]
[EventDate "2011.08.12"]

1. d4 Nf6 2. Nf3 e6 3. c3 c5 4. Bf4 b6 5. e3 Bb7 6. Nbd2 Be7 7. h3 cxd4 8. exd4
d6 9. Bd3 Nbd7 10. O-O Nd5 11. Bh2 g5 12. Re1 h5 13. Ne4 Nf4 14. Nfxg5 Nxd3 15.
Qxd3 Nf6 16. Nxf6+ Bxf6 17. Ne4 Be7 18. Qg3 Qd7 19. Nxd6+ Bxd6 20. Qxd6 Rg8 21.
Qxd7+ Kxd7 22. g3 f5 23. f4 Rac8 24. Re3 Bd5 25. Kf1 b5 26. b3 a5 27. Bg1 a4 28.
b4 Rc4 29. Bf2 Kd6 30. a3 Be4 31. Be1 Kd5 32. Kf2 Rc7 33. Ra2 Rcg7 34. h4 Rc8
35. Rb2 Rg4 36. Ke2 Rc4 37. Kd2 Rg8 38. Kc1 Rgc8 39. Kd2 R8c7 40. Bf2 Rc8 1/2-1/2

[Event "Botvinnik 100th Open"]
[Site "St Petersburg RUS"]
[Date "2011.08.16"]
[Round "5"]
[White "Sedlak, Nikola"]
[Black "Nikitinyh, Boris"]
[Result "1-0"]
[WhiteTitle "GM"]
[WhiteElo "2580"]
[BlackElo "2234"]
[WhiteFideId "922900"]
[BlackFideId "4198328"]
[EventDate "2011.08.12"]

1. d4 Nf6 2. c4 d6 3. Nf3 Nbd7 4. Nc3 e5 5. e4 Be7 6. Be2 O-O 7. O-O c6 8. Be3
Re8 9. d5 Nf8 10. Ne1 h6 11. Nd3 Ng6 12. b4 cxd5 13. cxd5 Bd7 14. a4 Rf8 15. Rc1
Ne8 16. Bg4 Bxg4 17. Qxg4 Nf6 18. Qf5 Nh4 19. Qh3 Nh7 20. g3 Nf3+ 21. Kh1 Bg5
22. Qg4 Nd2 23. Rfd1 Bxe3 24. fxe3 Nf6 25. Qf5 g6 26. Qh3 Ndxe4 27. Nxe4 Nxe4
28. Rc4 f5 29. Qxh6 Qg5 30. Qxg5 Nxg5 31. b5 Rf7 32. Rdc1 Kg7 33. Kg2 Ne4 34.
Rc7 Rf8 35. a5 Nf6 36. Nb4 Ng4 37. Rxf7+ Rxf7 38. Rc3 Nf6 39. Rc8 Ng4 40. Ra8
Nxe3+ 41. Kf3 Ng4 42. Rxa7 e4+ 43. Kg2 Ne3+ 44. Kf2 Nc4 45. b6 g5 46. a6 Nxb6
47. Rxb7 Nc8 48. Ke3 Kf6 49. Nc6 1-0